Aussenwirtschaftsalphabet
Salvato in:
| Natura: | Libro |
|---|---|
| Lingua: | tedesco |
| Pubblicazione: |
Bern
Verlag Paul Haupt
1998
|
| Edizione: | 7. vollst. überarb. und erw. Aufl. |
| Soggetti: | |
| Tags: |
Nessun Tag, puoi essere il primo ad aggiungerne!!
|
MARC
| LEADER | 00000nam a2200000 4500 | ||
|---|---|---|---|
| 001 | c111022 | ||
| 005 | 20221109093153.5 | ||
| 020 | |a 3-258-05739-7 | ||
| 041 | 0 | |a ger | |
| 044 | |a DE | ||
| 245 | 1 | 0 | |a Aussenwirtschaftsalphabet |
| 250 | |a 7. vollst. überarb. und erw. Aufl. | ||
| 264 | 1 | |a Bern |b Verlag Paul Haupt |c 1998 | |
| 300 | |a 496 s. | ||
| 610 | 2 | 0 | |a obchod zahraničný |
| 610 | 2 | 0 | |a obchod medzinárodný |
| 610 | 2 | 0 | |a politika hospodárska medzinárodná |
| 610 | 2 | 0 | |a politika obchodná |
| 610 | 2 | 0 | |a doprava medzinárodná |
| 610 | 2 | 0 | |a organizácie medzinárodné |
| 610 | 2 | 0 | |a spoločnosti obchodné |
| 610 | 2 | 0 | |a trh |
| 610 | 2 | 0 | |a terminológia |